Loading...
| Fine Arts - Classical Music | 0 | 8 | 0 | 1 | 80 | 26 | 71.13 | 3 | 7 | 41.27 | 74.44 |
| Literature - World/Other | 0 | 8 | 0 | 0 | 80 | 68 | 80.25 | 3 | 7 | 44.58 | 85.56 |
| Literature - European | 0 | 7 | 0 | 1 | 70 | 46 | 66.71 | 1 | 5 | 39.58 | 62.22 |
| Philosophy | 0 | 7 | 0 | 2 | 70 | 75 | 97.71 | 0 | 4 | 16.15 | 52.22 |
| Literature - American | 0 | 6 | 0 | 0 | 60 | 64 | 83.83 | 0 | 4 | 27.01 | 47.78 |
| Literature - British | 0 | 6 | 0 | 0 | 60 | 69 | 98.67 | 0 | 4 | 21.32 | 50.00 |
| History - European | 0 | 5 | 0 | 0 | 50 | 74 | 95.20 | 1 | 3 | 13.84 | 46.67 |
| Fine Arts - Visual | 0 | 5 | 0 | 0 | 50 | 59 | 85.40 | 2 | 4 | 26.78 | 55.56 |
| History - American | 0 | 4 | 1 | 0 | 35 | 44 | 84.25 | 1 | 3 | 17.48 | 31.11 |
| History - Other | 0 | 4 | 1 | 1 | 35 | 51 | 69.00 | 0 | 3 | 18.01 | 28.89 |
| Fine Arts - Other | 0 | 4 | 1 | 0 | 35 | 94 | 108.25 | 0 | 2 | 14.26 | 41.11 |
| Social Science | 0 | 3 | 0 | 0 | 30 | 68 | 72.67 | 1 | 2 | 12.57 | 25.56 |
| Religion | 0 | 4 | 2 | 0 | 30 | 83 | 97.25 | 1 | 3 | 9.09 | 36.67 |
| Science - Physics | 0 | 3 | 1 | 0 | 25 | 36 | 65.00 | 1 | 3 | 13.72 | 31.11 |
| History - World | 0 | 2 | 0 | 0 | 20 | 58 | 74.00 | 1 | 2 | 8.63 | 20.00 |
| Science - Other | 0 | 2 | 0 | 0 | 20 | 52 | 66.00 | 1 | 2 | 10.14 | 20.00 |
| Science - Biology | 0 | 2 | 1 | 0 | 15 | 75 | 81.00 | 1 | 2 | 7.13 | 21.11 |
| Science - Chemistry | 0 | 2 | 1 | 0 | 15 | 79 | 83.00 | 0 | 1 | 7.17 | 12.22 |
| Geography/Current Events | 0 | 1 | 0 | 1 | 10 | 104 | 104.00 | 0 | 1 | 3.23 | 15.00 |
| Mythology | 0 | 1 | 1 | 0 | 5 | 98 | 98.00 | 0 | 0 | 3.46 | 5.56 |